<?xml version="1.0" encoding="UTF-8"?>
<record
    xmlns:xsi="http://www.w3.org/2001/XMLSchema-instance"
    xsi:schemaLocation="http://www.loc.gov/MARC21/slim http://www.loc.gov/standards/marcxml/schema/MARC21slim.xsd"
    xmlns="http://www.loc.gov/MARC21/slim">

  <leader>02751 am a22003015a 4500</leader>
  <controlfield tag="001">016303338</controlfield>
  <controlfield tag="003">EG-ScBUE</controlfield>
  <controlfield tag="005">20220427105338.0</controlfield>
  <controlfield tag="008">130304s2014    enka   f b    001 0 eng d</controlfield>
  <datafield tag="020" ind1=" " ind2=" ">
    <subfield code="a">9781444152678 (pbk.)</subfield>
  </datafield>
  <datafield tag="040" ind1=" " ind2=" ">
    <subfield code="a">StDuBDS</subfield>
    <subfield code="b">eng</subfield>
    <subfield code="e">rda</subfield>
    <subfield code="c">StDuBDS</subfield>
    <subfield code="d">Uk</subfield>
    <subfield code="d">EG-ScBUE</subfield>
  </datafield>
  <datafield tag="082" ind1="0" ind2="4">
    <subfield code="a">415</subfield>
    <subfield code="2">22</subfield>
    <subfield code="b">THO</subfield>
  </datafield>
  <datafield tag="100" ind1="1" ind2=" ">
    <subfield code="a">Thompson, Geoff,</subfield>
    <subfield code="d">1947-</subfield>
    <subfield code="e">author.</subfield>
    <subfield code="9">40299</subfield>
  </datafield>
  <datafield tag="245" ind1="1" ind2="0">
    <subfield code="a">Introducing functional grammar /</subfield>
    <subfield code="c">Geoff Thompson.</subfield>
  </datafield>
  <datafield tag="250" ind1=" " ind2=" ">
    <subfield code="a">Third edition.</subfield>
  </datafield>
  <datafield tag="264" ind1=" " ind2="1">
    <subfield code="a">London ;</subfield>
    <subfield code="a">New York :</subfield>
    <subfield code="b">Routledge,</subfield>
    <subfield code="c">2014.</subfield>
  </datafield>
  <datafield tag="300" ind1=" " ind2=" ">
    <subfield code="a">xii, 313 pages :</subfield>
    <subfield code="b">illustrations ;</subfield>
    <subfield code="c">24 cm</subfield>
  </datafield>
  <datafield tag="336" ind1=" " ind2=" ">
    <subfield code="2">rdacontent</subfield>
    <subfield code="a">text</subfield>
    <subfield code="b">txt</subfield>
  </datafield>
  <datafield tag="337" ind1=" " ind2=" ">
    <subfield code="2">rdamedia</subfield>
    <subfield code="a">unmediated</subfield>
    <subfield code="b">n</subfield>
  </datafield>
  <datafield tag="338" ind1=" " ind2=" ">
    <subfield code="2">rdacarrier</subfield>
    <subfield code="a">volume</subfield>
    <subfield code="b">nc</subfield>
  </datafield>
  <datafield tag="504" ind1=" " ind2=" ">
    <subfield code="a">Includes bibliographical references and index.
</subfield>
  </datafield>
  <datafield tag="505" ind1="0" ind2=" ">
    <subfield code="a">1. The purposes of linguistic analysis -- 1.1 Starting points -- 1.2 Language, context and function: a preliminary exploration -- 2. Identifying clauses and clause constituents -- 2.1 Breaking up the sentence and labelling the parts -- 2.2 Ranks -- 3. An overview of Functional Grammar -- 3.1 Three kinds of meaning -- 3.2 Register and genre -- 4. Interacting: the interpersonal metafunction -- 4.1 Introduction -- 4.2 Roles of addressers and audience -- 4.3 Mood -- 4.4 Modality -- 4.5 Appraisal -- 4.6 Interaction and negotiation -- 4.7 Interaction through text -- 5. Representing the world: the experiential metafunction -- 5.1 Introduction -- 5.2 Transitivity: processes and participants -- 5.3 More complex aspects of transitivity -- 5.4 Transitivity patterns in text -- 5.5 Ergativity -- 6. Organizing the message: the textual metafunction - Theme -- 6.1 Introduction: making messages fit together -- 6.2 Theme -- 6.3 Identifying Theme -- 6.6 Multiple Theme -- 6.7 Some issues in Theme analysis -- 6.8 Theme in text -- 6.9 A final note on identifying Theme -- 7. Clauses in combination -- 7.1 Introduction -- 7.2 Units of analysis -- 7.3 Types of relations between clauses -- 7.4 Expansion -- 7.5 Projection -- 7.6 Clause complexing -- 8. Organizing the message: the textual metafunction -cohesion -- 8.1 Cohesion and coherence -- 8.2 Reference and ellipsis -- 8.3 Conjunction -- 8.4 Cohesion and register -- 9. Grammatical metaphor -- 9.1 Introduction -- 9.2 Grammatical metaphor -- 9.3 Experiential and logical metaphors -- 9.4 Interpersonal metaphors -- 9.5 Textual metaphor -- 9.6 A cautionary note -- 10. Implications and applications of Functional Grammar -- 10.1 Three-dimensional analysis of texts -- 10.2 A summary review of Functional Grammar -- 10.3 Using Functional Grammar -- 10.4 Closing.</subfield>
  </datafield>
  <datafield tag="650" ind1=" " ind2="7">
    <subfield code="a">Functionalism (Linguistics)</subfield>
    <subfield code="2">BUEsh</subfield>
    <subfield code="9">40300</subfield>
  </datafield>
  <datafield tag="651" ind1=" " ind2=" ">
    <subfield code="2">BUEsh</subfield>
  </datafield>
  <datafield tag="653" ind1=" " ind2=" ">
    <subfield code="c">June2016</subfield>
    <subfield code="b">HHUUEENN</subfield>
  </datafield>
  <datafield tag="655" ind1=" " ind2=" ">
    <subfield code="v">Reading book</subfield>
    <subfield code="9">34232</subfield>
  </datafield>
  <datafield tag="942" ind1=" " ind2=" ">
    <subfield code="2">ddc</subfield>
    <subfield code="c">BB</subfield>
  </datafield>
  <datafield tag="999" ind1=" " ind2=" ">
    <subfield code="c">21943</subfield>
    <subfield code="d">21915</subfield>
  </datafield>
  <datafield tag="952" ind1=" " ind2=" ">
    <subfield code="0">0</subfield>
    <subfield code="1">0</subfield>
    <subfield code="2">ddc</subfield>
    <subfield code="4">0</subfield>
    <subfield code="7">0</subfield>
    <subfield code="8">Baccah</subfield>
    <subfield code="a">MAIN</subfield>
    <subfield code="b">MAIN</subfield>
    <subfield code="c">2ND</subfield>
    <subfield code="d">2016-06-22</subfield>
    <subfield code="e">Purchase</subfield>
    <subfield code="g">644.00</subfield>
    <subfield code="h">25868</subfield>
    <subfield code="l">7</subfield>
    <subfield code="m">1</subfield>
    <subfield code="o">415 THO</subfield>
    <subfield code="p">000032729</subfield>
    <subfield code="r">2025-11-13 00:00:00</subfield>
    <subfield code="s">2020-10-21</subfield>
    <subfield code="v">804.00</subfield>
    <subfield code="w">2016-06-22</subfield>
    <subfield code="y">BB</subfield>
  </datafield>
</record>
